MARC

LEADER 00000nam0a2200000 4500
001 314229
005 20231102002645.0
035 |a (RuTPU)RU\TPU\book\339640 
090 |a 314229 
100 |a 20160210d1924 m y0rusy50 ca 
101 0 |a rus 
102 |a RU 
105 |a y z 001zb 
200 1 |a О теории и практике ленинизма (революционного марксизма)  |f В. В. Адоратский 
210 |a Москва  |a Ленинград  |c Издательство "Красная новь" Г. П. П.  |d 1924 
215 |a 141 с. 
316 |5 63413507: М-132807  |a На обложке и титульном листе владельческая подпись: "Бутаков" 
317 |5 63413507: М-132807  |a Поступила в НТБ в 1970 г. в составе книжного собрания профессора ТПИ И. Н. Бутакова 
320 |a Библиография. Список важнейших произведений Ленина: с. 115-137 
600 1 |a Ленин  |b В. И.  |c настоящая фамилия Ульянов  |c российский политический деятель  |f 1870-1924  |g Владимир Ильич  |2 stltpush  |3 (RuTPU)RU\TPU\pers\1074  |9 486 
606 1 |a Марксизм-ленинизм  |x Философия  |2 stltpush  |3 (RuTPU)RU\TPU\subj\41050  |9 60869 
610 1 |a ленинизм 
610 1 |a вожди 
610 1 |a диалектика 
610 1 |a лозунги 
610 1 |a произведения 
610 1 |a владельческая надпись 
610 1 |a библиотека И. Н. Бутакова 
686 |a Ю0  |2 rubbk 
700 1 |a Адоратский  |b В. В. 
801 1 |a RU  |b 63413507  |c 20160210 
801 2 |a RU  |b 63413507  |c 20190806  |g RCR 
942 |c BK